कल्चर यक्सॉं (Record no. 909073)

MARC details
000 -LEADER
fixed length control field 00945nam a2200241Ia 4500
003 - CONTROL NUMBER IDENTIFIER
control field OSt
005 - DATE AND TIME OF LATEST TRANSACTION
control field 20221002043840.0
008 - FIXED-LENGTH DATA ELEMENTS--GENERAL INFORMATION
fixed length control field 220930b |||||||| |||| 00| 0 hin d
020 ## - INTERNATIONAL STANDARD BOOK NUMBER
International Standard Book Number 8170556961 (hbk)
037 ## - SOURCE OF ACQUISITION
Terms of availability Reference Collections
040 ## - CATALOGING SOURCE
Original cataloging agency CRL
Transcribing agency CRL
Language of cataloging hin
041 ## - LANGUAGE CODE
Source of code hin
Language code of text/sound track or separate title hin
100 ## - MAIN ENTRY--PERSONAL NAME
Personal name बसन्त प्रताप सिंह, संपा.
245 #0 - TITLE STATEMENT
Title कल्चर यक्सॉं
Remainder of title डॉ. बीर बद्र - समग्र
260 ## - PUBLICATION, DISTRIBUTION, ETC.
Place of publication, distribution, etc. नयी
Name of publisher, distributor, etc. दिल्ली वाणी प्रकाशन
Date of publication, distribution, etc. 2010
300 ## - PHYSICAL DESCRIPTION
Extent 432पृ0
Dimensions cm.
942 ## - ADDED ENTRY ELEMENTS (KOHA)
Classification part O168,1N45x, 152Q0(RR)
Koha item type
Source of classification or shelving scheme Colon Classification (CC)
Holdings
Withdrawn status Lost status Damaged status Not for loan Home library Current library Date acquired Source of acquisition Cost, normal purchase price Total Checkouts Full call number Barcode Date last seen Cost, replacement price Price effective from Koha item type
        Central Library Central Library 2022-10-02 371, 17/02/2011, Vani Prakashan 475.00   O168,1N45x 152Q0(RR) CL1402804 2022-10-02 475.00 2022-10-02  
Copyright @ Delhi University Library System